00305nam a2200133Ia 45000030006000000080041000060400015000471000026000622450019000882500010001072600025001175460012001420050017001540STCL150530s9999 xx 000 0 und d aSTCLcSTCL aKrishnamurthy, S.; Ed aOn the heights aFirst bOrient Longmanc1971 aEnglish20220125171114.0